| 000 | 00585nam a2200181 4500 | ||
|---|---|---|---|
| 001 | 39375 | ||
| 003 | ES-MaACL | ||
| 005 | 20230906155948.0 | ||
| 007 | t| | ||
| 008 | 030303s1922 sp |||| | spa d | ||
| 080 | _a655.41 | ||
| 100 | 1 |
_aCalleja, Rafael. _933721 |
|
| 245 | 1 | 3 |
_aEl editor _b: conferencia de la serie organizada por la Cámara Oficial del Libro, en la Feria de Muestras de Barcelona, en marzo de 1922 / _cRafael Calleja. |
| 260 |
_aMadrid : _bSaturnino Calleja, _c1922. |
||
| 300 |
_a64 p. ; _c29 cm. |
||
| 650 | 0 | 4 |
_aEditores. _9146082 |
| 852 |
_aES-MaACL _j1623-F-15 |
||
| 999 |
_c39375 _d39375 |
||